000 00737nam a22001937a 4500
999 _c18490
_d18490
003 AR-CdUCM
008 190514b ||||| |||| 00| 0 spa d
040 _aMUNICIPALIDAD PROVINCIAL DEL CUSCO
_cBIBLIOTECA MUNICIPAL DEL CUSCO
082 _a345.725 /
_bP13
100 _aPachas Torres, Guillermo
_939112
245 _aProceso de los juicios de alimentos y efecutivos, y de la declaratoria de herederos /
260 _aLima :
_c1982.
300 _a465 páginas ;
_c21 cm.
505 _aProceso de juicio de alimentos -- Demanda asignación provisional y contestación a la demanda -- Audiencia de conciliación y prueba...
650 _aDerecho.
_9739
650 _aJuicio de alimentos.
_936273
942 _2ddc
_cLIBROS
945 _awfj